[Event "10. Copenhagen Open"]
[Site "Copenhagen"]
[Date "1988.??.??"]
[Round "3"]
[White "Siklosi, Zoltan"]
[Black "Hoiberg, Nina"]
[Result "1/2-1/2"]
[WhiteElo "2265"]
[BlackElo "2285"]
[PlyCount "122"]
[EventDate "1988.??.??"]
[EventType "swiss"]
[EventRounds "10"]
[EventCountry "DEN"]
[SourceDate "2004.01.01"]

1. e4 e5 2. Nf3 Nc6 3. Bb5 a6 4. Ba4 Nf6 5. O-O Be7 6. Re1 b5 7. Bb3 O-O 8. d3
Bb7 9. Nbd2 d5 10. exd5 Nxd5 11. Nxe5 Nxe5 12. Rxe5 Nf6 13. Nf1 Qd7 14. Bg5
Rae8 15. Qd2 h6 16. Bf4 Qg4 17. Bg3 Bb4 18. Qf4 Rxe5 19. Qxe5 Bd6 20. Qc3 Nh5
21. Ne3 Nxg3 22. hxg3 Qg5 23. Re1 h5 24. Qd4 Be5 25. Qc5 Rd8 26. Nf1 Bf4 27.
Qe7 Rf8 28. Qxg5 Bxg5 29. d4 g6 30. c3 Rd8 31. Nh2 Kf8 32. Nf3 Bxf3 33. gxf3
Re8 34. Rxe8+ Kxe8 35. f4 Be7 36. Bd5 b4 37. Kf1 bxc3 38. bxc3 h4 39. Kg2 hxg3
40. fxg3 Ba3 41. Bb7 a5 42. c4 Bb2 43. d5 Ke7 44. Kf3 Kd6 45. Ke4 f6 46. Bc6 g5
47. Kf5 gxf4 48. Kxf4 Be5+ 49. Kf3 Kc5 50. Bb5 Kb4 51. g4 Kc5 52. Ke4 Bb2 53.
Kf5 Kd6 54. Kg6 Bc3 55. Kf7 Bd4 56. Ke8 Be5 57. Kd8 Bd4 58. Kc8 Be5 59. Kb7 Kc5
60. a3 Bf4 61. Kc8 Kd6 1/2-1/2

[Event "10. Copenhagen Open"]
[Site "Copenhagen"]
[Date "1988.??.??"]
[Round "3"]
[White "Stein, Bernd"]
[Black "Inkiov, Ventzislav"]
[Result "1/2-1/2"]
[WhiteElo "2365"]
[BlackElo "2490"]
[PlyCount "83"]
[EventDate "1988.??.??"]
[EventType "swiss"]
[EventRounds "10"]
[EventCountry "DEN"]
[SourceDate "2004.01.01"]

1. e4 c5 2. c3 d5 3. d3 Nc6 4. Nd2 Nf6 5. Ngf3 g6 6. Be2 Bg7 7. O-O e5 8. b4 c4
9. b5 cxd3 10. Bxd3 Ne7 11. Ba3 O-O 12. c4 dxe4 13. Nxe4 Ne8 14. Qb3 Bf5 15.
Rfd1 Qc7 16. c5 Bxe4 17. Bxe4 Nf6 18. b6 Qc8 19. c6 Nxe4 20. Bxe7 Re8 21. c7
axb6 22. Rac1 Nc5 23. Qxb6 Ne6 24. Ng5 Nd4 25. Ne4 Ne2+ 26. Kf1 Nxc1 27. Nd6
Qd7 28. Rxc1 Rxe7 29. Qxb7 Rf8 30. c8=Q Qxd6 31. Qa6 Qd2 32. Qc2 Qf4 33. Qa3
Rd7 34. g3 Qh6 35. Kg2 Rd2 36. Qe4 Rxa2 37. Qxa2 Qxc1 38. Qad5 Qb2 39. h4 Qd4
40. h5 Qxe4+ 41. Qxe4 gxh5 42. Qf5 1/2-1/2

[Event "10. Copenhagen Open"]
[Site "Copenhagen"]
[Date "1988.??.??"]
[Round "3"]
[White "Sorensen, Henrik"]
[Black "Karsa, Laszlo"]
[Result "1-0"]
[WhiteElo "2265"]
[BlackElo "2400"]
[PlyCount "59"]
[EventDate "1988.??.??"]
[EventType "swiss"]
[EventRounds "10"]
[EventCountry "DEN"]
[SourceDate "2004.01.01"]

1. d4 Nf6 2. c3 d6 3. Bg5 Nbd7 4. Nf3 b6 5. Nbd2 Bb7 6. Qb1 h6 7. Bh4 e5 8.
dxe5 dxe5 9. e4 Be7 10. Bg3 O-O 11. Nxe5 Nxe5 12. Bxe5 Ng4 13. Bg3 f5 14. h3 f4
15. hxg4 fxg3 16. f3 Bc5 17. Bc4+ Kh8 18. Qd3 Bf2+ 19. Kd1 Qg5 20. Rh5 Qf4 21.
Rf5 Rxf5 22. exf5 Be3 23. Be6 Ba6 24. c4 b5 25. Ne4 c6 26. Qd7 Bb6 27. f6 gxf6
28. Kc2 Rd8 29. Qf7 Bd4 30. Bf5 1-0

[Event "10. Copenhagen Open"]
[Site "Copenhagen"]
[Date "1988.??.??"]
[Round "3"]
[White "Wegner, Hannu"]
[Black "Horvath, Tamas"]
[Result "1/2-1/2"]
[WhiteElo "2320"]
[BlackElo "2415"]
[PlyCount "80"]
[EventDate "1988.??.??"]
[EventType "swiss"]
[EventRounds "10"]
[EventCountry "DEN"]
[SourceDate "2004.01.01"]

1. d4 Nf6 2. Nf3 e6 3. c4 c5 4. d5 exd5 5. cxd5 d6 6. Nc3 g6 7. Bf4 Bg7 8. Qa4+
Bd7 9. Qb3 b5 10. Nxb5 Bxb5 11. Qxb5+ Nbd7 12. Bxd6 Ne4 13. Be5 O-O 14. Bxg7
Kxg7 15. Qa4 c4 16. Qxc4 Ndf6 17. e3 Rc8 18. Qa4 Qb6 19. Bd3 Nc5 20. Qb5 Rb8
21. Qxb6 Nxd3+ 22. Kd2 Rxb6 23. Kxd3 Rxb2 24. Nd2 Nxd5 25. Rhb1 Nf4+ 26. Kc3
Rxb1 27. Rxb1 Rc8+ 28. Nc4 Nxg2 29. Rb7 Ne1 30. f4 a5 31. a4 Nc2 32. Kb3 Na1+
33. Kc3 Nc2 34. Kd3 Nb4+ 35. Kd4 Nc2+ 36. Kd5 Nb4+ 37. Kd4 Nc2+ 38. Kd5 Nb4+
39. Kd4 Nc2+ 40. Kd5 Nb4+ 1/2-1/2

[Event "10. Copenhagen Open"]
[Site "Copenhagen"]
[Date "1988.??.??"]
[Round "3"]
[White "Welling, Gerard"]
[Black "Davies, Nigel"]
[Result "0-1"]
[WhiteElo "2355"]
[BlackElo "2450"]
[PlyCount "41"]
[EventDate "1988.??.??"]
[EventType "swiss"]
[EventRounds "10"]
[EventCountry "DEN"]
[SourceDate "2004.01.01"]

1. b3 d5 2. Bb2 Bg4 3. f3 Bf5 4. e3 Nf6 5. g4 Bg6 6. h4 h5 7. g5 Nfd7 8. f4 e6
9. Nf3 c5 10. Nc3 Nc6 11. Bd3 Bxd3 12. cxd3 Nb4 13. Qb1 Qb6 14. O-O Qa6 15. Ne1
d4 16. Ne4 f5 17. gxf6 gxf6 18. exd4 Rg8+ 19. Kf2 Rg4 20. dxc5 Rxf4+ 21. Ke2
0-1

[Event "10. Copenhagen Open"]
[Site "Copenhagen"]
[Date "1988.??.??"]
[Round "3"]
[White "Westerinen, Heikki"]
[Black "Groszpeter, Attila"]
[Result "0-1"]
[WhiteElo "2395"]
[BlackElo "2495"]
[PlyCount "88"]
[EventDate "1988.??.??"]
[EventType "swiss"]
[EventRounds "10"]
[EventCountry "DEN"]
[SourceDate "2004.01.01"]

1. e4 c6 2. d4 d5 3. e5 Bf5 4. Nc3 e6 5. g4 Bg6 6. Nge2 f6 7. h4 fxe5 8. h5 Bf7
9. dxe5 Bb4 10. Bg2 Ne7 11. f4 Nd7 12. Bd2 Qc7 13. Nd4 Qb6 14. a3 Ba5 15. Nxe6
Bxe6 16. b4 Qd4 17. bxa5 O-O 18. Rb1 Rxf4 19. Bxf4 Qxf4 20. Ne2 Qxg4 21. O-O
Qxh5 22. Rxb7 Qxe5 23. Qd2 Nf5 24. Nf4 Nc5 25. Re1 Ne4 26. Nxe6 Qxe6 27. Qf4
Nfd6 28. Bxe4 dxe4 29. Rc7 Qg6+ 30. Kh2 Rf8 31. Qg3 Qh6+ 32. Kg1 Nf5 33. Qb3+
Kh8 34. Rf1 Qg6+ 35. Kf2 e3+ 36. Ke2 Qg2+ 37. Kd3 Qxf1+ 38. Kc3 Qa1+ 39. Kc4
Nd6+ 40. Kc5 Ne4+ 41. Kxc6 Qf6+ 42. Kb7 Nd6+ 43. Kxa7 Qd4+ 44. Qb6 Nb5+ 0-1

[Event "10. Copenhagen Open"]
[Site "Copenhagen"]
[Date "1988.??.??"]
[Round "4"]
[White "Barbero, Gerardo F"]
[Black "Stein, Bernd"]
[Result "1-0"]
[WhiteElo "2505"]
[BlackElo "2365"]
[PlyCount "83"]
[EventDate "1988.??.??"]
[EventType "swiss"]
[EventRounds "10"]
[EventCountry "DEN"]
[SourceDate "2004.01.01"]

1. d4 Nf6 2. c4 d6 3. Nf3 Nbd7 4. Nc3 e5 5. e4 Be7 6. g3 O-O 7. Bg2 c6 8. O-O
Re8 9. h3 a6 10. Be3 Bf8 11. Kh2 b5 12. Nd2 Bb7 13. Qc2 Qc7 14. a3 Rac8 15.
Rfe1 Qb8 16. Rad1 Ba8 17. Rc1 Be7 18. Red1 Bd8 19. dxe5 Nxe5 20. c5 dxc5 21.
Bxc5 Ned7 22. Nb3 Nxc5 23. Nxc5 Bb6 24. b4 Bxc5 25. bxc5 Qe5 26. Nb1 Rcd8 27.
f4 Qh5 28. Rd3 Bb7 29. e5 Nd5 30. Nc3 Bc8 31. Qd1 Qxd1 32. Rcxd1 Bb7 33. Nxd5
cxd5 34. Bxd5 Bxd5 35. Rxd5 Rc8 36. Kg2 f6 37. Kf3 fxe5 38. fxe5 a5 39. Ke4 b4
40. axb4 axb4 41. Rb1 Rb8 42. Rd6 1-0

[Event "10. Copenhagen Open"]
[Site "Copenhagen"]
[Date "1988.??.??"]
[Round "4"]
[White "Bergmann, Jesper"]
[Black "Welling, Gerard"]
[Result "0-1"]
[WhiteElo "2245"]
[BlackElo "2355"]
[PlyCount "100"]
[EventDate "1988.??.??"]
[EventType "swiss"]
[EventRounds "10"]
[EventCountry "DEN"]
[SourceDate "2004.01.01"]

1. Nf3 Nf6 2. g3 d6 3. d4 c6 4. Bg2 Nbd7 5. O-O e5 6. Nc3 Be7 7. e4 b5 8. Nh4
g6 9. Bh6 b4 10. Na4 Nb6 11. Nxb6 Qxb6 12. dxe5 dxe5 13. Nf3 Qc7 14. h3 Ba6 15.
Re1 Rd8 16. Qc1 Nd7 17. Bf1 Bxf1 18. Kxf1 f6 19. Qe3 Qb6 20. Qb3 Qb5+ 21. Kg2
Nc5 22. Qe3 Kf7 23. a3 b3 24. cxb3 Rd3 25. Qe2 Nxb3 26. Rad1 Rhd8 27. Rxd3 Qxd3
28. Qxd3 Rxd3 29. Be3 a5 30. Kf1 Ke6 31. Ke2 Rd7 32. Rd1 Rb7 33. Nd2 Nxd2 34.
Rxd2 f5 35. f3 Rb3 36. Rc2 Kd7 37. g4 fxg4 38. fxg4 h5 39. gxh5 gxh5 40. Rd2+
Ke6 41. Rc2 c5 42. Bxc5 Rxh3 43. Bb6 Rh2+ 44. Kd3 Rxc2 45. Kxc2 a4 46. b3 axb3+
47. Kxb3 h4 48. a4 h3 49. Bg1 Bg5 50. Kc4 Be3 0-1

[Event "10. Copenhagen Open"]
[Site "Copenhagen"]
[Date "1988.??.??"]
[Round "4"]
[White "Bjerring, Kai"]
[Black "Schandorff, Lars"]
[Result "1/2-1/2"]
[WhiteElo "2305"]
[BlackElo "2400"]
[PlyCount "45"]
[EventDate "1988.??.??"]
[EventType "swiss"]
[EventRounds "10"]
[EventCountry "DEN"]
[SourceDate "2004.01.01"]

1. e4 e5 2. Nf3 Nc6 3. Bb5 a6 4. Ba4 Nf6 5. O-O Be7 6. Bxc6 dxc6 7. d3 Nd7 8.
Nbd2 f6 9. Nh4 g6 10. Nc4 Nc5 11. Qf3 b6 12. Be3 Ne6 13. Rad1 c5 14. c3 Bb7 15.
Qh3 Nf8 16. d4 cxd4 17. cxd4 Qd7 18. Qxd7+ Nxd7 19. dxe5 Nxe5 20. Nxe5 fxe5 21.
Nf3 Bd6 22. Bxb6 Rd8 23. Ba5 1/2-1/2

[Event "10. Copenhagen Open"]
[Site "Copenhagen"]
[Date "1988.??.??"]
[Round "4"]
[White "Callergard, Robert"]
[Black "Ernst, Thomas"]
[Result "0-1"]
[WhiteElo "2340"]
[BlackElo "2455"]
[PlyCount "104"]
[EventDate "1988.??.??"]
[EventType "swiss"]
[EventRounds "10"]
[EventCountry "DEN"]
[SourceDate "2004.01.01"]

1. d4 Nf6 2. Nf3 d5 3. c4 e6 4. Nc3 c5 5. cxd5 Nxd5 6. e3 Nc6 7. Bd3 Be7 8. O-O
O-O 9. a3 cxd4 10. exd4 b6 11. Re1 Nf6 12. Bg5 Bb7 13. Bc2 Rc8 14. Qd3 g6 15.
Rad1 Nd5 16. h4 Bxg5 17. Nxg5 Nce7 18. Bb3 Qc7 19. Bxd5 Nxd5 20. Nxd5 Bxd5 21.
Qe3 Qe7 22. h5 Rc2 23. Qe5 Qc7 24. Qf6 Qd8 25. Qf4 Rxb2 26. Re3 h6 27. Ne4 g5
28. Rg3 f6 29. Rc1 Kh8 30. Qe3 Rb3 31. Qe1 Rxg3 32. Nxg3 Qd6 33. Qc3 Bb7 34.
Qd3 f5 35. Nf1 e5 36. d5 Qxd5 37. Qxd5 Bxd5 38. Ne3 Bg8 39. g4 f4 40. Nf5 Be6
41. Ne7 Kg7 42. f3 Kf6 43. Rc7 a5 44. Rb7 Rd8 45. Ng6 Rd6 46. Nf8 e4 47. fxe4
Bxg4 48. Ng6 Rd1+ 49. Kf2 Bxh5 50. Rxb6+ Kg7 51. Ne7 Bg4 52. Nd5 Rd2+ 0-1

[Event "10. Copenhagen Open"]
[Site "Copenhagen"]
[Date "1988.??.??"]
[Round "4"]
[White "Clausen, Steen"]
[Black "Sorensen, Torben N"]
[Result "0-1"]
[WhiteElo "2270"]
[BlackElo "2360"]
[PlyCount "121"]
[EventDate "1988.??.??"]
[EventType "swiss"]
[EventRounds "10"]
[EventCountry "DEN"]
[SourceDate "2004.01.01"]

1. d4 d5 2. Nf3 e6 3. c4 c5 4. cxd5 exd5 5. g3 Nc6 6. Bg2 Nf6 7. O-O Be7 8. Nc3
O-O 9. Bg5 c4 10. Ne5 Be6 11. e3 Nd7 12. Nxc6 bxc6 13. Bxe7 Qxe7 14. e4 dxe4
15. Bxe4 Rab8 16. Qc2 Qd6 17. Bxh7+ Kh8 18. Be4 Qxd4 19. Rad1 Qf6 20. Qe2 Rfc8
21. Rd6 Qe5 22. Rd2 Nf6 23. Bg2 Qxe2 24. Nxe2 Rb6 25. Nf4 Bd5 26. Rfd1 Kh7 27.
h4 g6 28. Rc1 Kg7 29. Rcd1 a6 30. Rc1 Rc7 31. b3 Bxg2 32. Kxg2 cxb3 33. Rb2 Rb5
34. Rxb3 Ne4 35. Rxb5 axb5 36. Kf3 Nd2+ 37. Ke2 Nc4 38. a4 Re7+ 39. Kf1 Ra7 40.
axb5 cxb5 41. Nd5 Ra2 42. g4 Ne5 43. g5 Ng4 44. Kg2 Nxf2 45. Kf3 Nd3 46. Rc8
Ne5+ 47. Kf4 Nd7 48. Rc7 Nf8 49. Rb7 Ne6+ 50. Kg3 Ra3+ 51. Kg4 Ra4+ 52. Kg3
Ra3+ 53. Kg4 Ra4+ 54. Kg3 Nd4 55. Rb8 Nf5+ 56. Kf2 Ra2+ 57. Ke1 Nxh4 58. Nc3
Nf3+ 59. Kd1 Ra1+ 60. Ke2 Nxg5 61. Rxb5 0-1

[Event "10. Copenhagen Open"]
[Site "Copenhagen"]
[Date "1988.??.??"]
[Round "4"]
[White "Conquest, Stuart"]
[Black "Groszpeter, Attila"]
[Result "0-1"]
[WhiteElo "2315"]
[BlackElo "2495"]
[PlyCount "100"]
[EventDate "1988.??.??"]
[EventType "swiss"]
[EventRounds "10"]
[EventCountry "DEN"]
[SourceDate "2004.01.01"]

1. d4 Nf6 2. c4 e6 3. Nc3 Bb4 4. e3 O-O 5. Bd3 c5 6. Nf3 d5 7. O-O b6 8. cxd5
exd5 9. Ne5 Re8 10. Ne2 c4 11. Bc2 Bd6 12. f4 b5 13. Ng3 Nbd7 14. Bd2 Nf8 15.
b3 a5 16. bxc4 bxc4 17. Rb1 Bb4 18. Bc1 Qc7 19. Qf3 Ng6 20. Ba4 Rd8 21. h3 Nh4
22. Qf2 Bf5 23. Nxf5 Nxf5 24. g4 Ne4 25. Qc2 Ne7 26. a3 Bd6 27. Bb5 Rab8 28. a4
Bb4 29. Nd3 Qd6 30. Nf2 Nc3 31. Ra1 Nxb5 32. axb5 Rxb5 33. e4 dxe4 34. Qxc4
Rbb8 35. Be3 Nd5 36. Qe2 Nxe3 37. Qxe3 Qxd4 38. Qxe4 Qxe4 39. Nxe4 Re8 40. Nf2
h6 41. Nd3 Bc3 42. Ra4 Re3 43. Nf2 Rb2 44. Rc4 Bb4 45. f5 Ree2 46. Rc8+ Kh7 47.
Rd1 Rxf2 48. Rdd8 g5 49. Rd7 Kg7 50. Rcc7 Rfd2 0-1

[Event "10. Copenhagen Open"]
[Site "Copenhagen"]
[Date "1988.??.??"]
[Round "4"]
[White "Davies, Nigel"]
[Black "Jakobsen, Ole"]
[Result "1/2-1/2"]
[WhiteElo "2450"]
[BlackElo "2385"]
[PlyCount "57"]
[EventDate "1988.??.??"]
[EventType "swiss"]
[EventRounds "10"]
[EventCountry "DEN"]
[SourceDate "2004.01.01"]

1. d4 Nf6 2. c4 c5 3. d5 g6 4. Nc3 d6 5. e4 Bg7 6. f3 Qb6 7. Rb1 O-O 8. Be3 e6
9. Qd2 exd5 10. cxd5 Qc7 11. Nge2 Nbd7 12. Nc1 a6 13. a4 Ne5 14. Be2 Ne8 15.
O-O f5 16. f4 Nf7 17. Nd3 fxe4 18. Nf2 Nh6 19. g4 Qe7 20. f5 Nf7 21. fxg6 hxg6
22. Nfxe4 Nf6 23. Nxf6+ Bxf6 24. Rbe1 Be5 25. Bd3 Bxg4 26. Bxg6 Nh8 27. Bc2
Rxf1+ 28. Rxf1 Rf8 29. Rxf8+ 1/2-1/2

[Event "10. Copenhagen Open"]
[Site "Copenhagen"]
[Date "1988.??.??"]
[Round "4"]
[White "Djurhuus, Rune"]
[Black "Berg, Klaus"]
[Result "1-0"]
[WhiteElo "2315"]
[BlackElo "2370"]
[PlyCount "61"]
[EventDate "1988.??.??"]
[EventType "swiss"]
[EventRounds "10"]
[EventCountry "DEN"]
[SourceDate "2004.01.01"]

1. e4 c6 2. d4 d5 3. exd5 cxd5 4. c4 Nf6 5. Nc3 g6 6. cxd5 Nxd5 7. Qb3 Nxc3 8.
Bc4 e6 9. bxc3 Nc6 10. Nf3 Bd7 11. Bd3 Na5 12. Qd1 Rc8 13. O-O Bg7 14. Ba3 Bf8
15. Bxf8 Kxf8 16. Rc1 Kg7 17. Qe2 Qf6 18. Ne5 Bc6 19. f4 h5 20. c4 Rcd8 21. Qe3
b6 22. Rf2 h4 23. h3 Bb7 24. c5 Rc8 25. Rfc2 bxc5 26. Rxc5 Qd8 27. Nxg6 fxg6
28. Qe5+ Kh6 29. Rc7 Rxc7 30. Rxc7 Rg8 31. Qh5+ 1-0

[Event "10. Copenhagen Open"]
[Site "Copenhagen"]
[Date "1988.??.??"]
[Round "4"]
[White "Hansen, Lars Bo"]
[Black "Kupreichik, Victor"]
[Result "1/2-1/2"]
[WhiteElo "2365"]
[BlackElo "2510"]
[PlyCount "87"]
[EventDate "1988.??.??"]
[EventType "swiss"]
[EventRounds "10"]
[EventCountry "DEN"]
[SourceDate "2004.01.01"]

1. d4 Nf6 2. c4 g6 3. Nc3 Bg7 4. e4 d6 5. Nf3 O-O 6. Be3 e5 7. dxe5 dxe5 8.
Qxd8 Rxd8 9. Nd5 Na6 10. O-O-O Bg4 11. Nxf6+ Bxf6 12. c5 Rxd1+ 13. Kxd1 Rd8+
14. Kc1 Nb4 15. Bc4 Nd3+ 16. Bxd3 Rxd3 17. Kc2 Rd8 18. h3 Bd7 19. b3 Bb5 20.
Nd2 Be7 21. Nc4 f5 22. exf5 Bxc4 23. bxc4 gxf5 24. f3 Kf7 25. Re1 Bh4 26. Rb1
f4 27. Bd2 b6 28. cxb6 cxb6 29. Bc3 Ke6 30. Rb2 Bf2 31. a4 Kf5 32. a5 e4 33.
Rb5+ Bc5 34. axb6 axb6 35. Ba5 bxa5 36. Rxc5+ Ke6 37. fxe4 a4 38. Ra5 Rg8 39.
Kd3 a3 40. Kd4 Rd8+ 41. Kc3 Rg8 42. Kd4 Rd8+ 43. Kc3 Rg8 44. Kd4 1/2-1/2

[Event "10. Copenhagen Open"]
[Site "Copenhagen"]
[Date "1988.??.??"]
[Round "4"]
[White "Hartung Nielsen, Jens"]
[Black "Kaspersen, Morten"]
[Result "1/2-1/2"]
[WhiteElo "2270"]
[BlackElo "2250"]
[PlyCount "35"]
[EventDate "1988.??.??"]
[EventType "swiss"]
[EventRounds "10"]
[EventCountry "DEN"]
[SourceDate "2004.01.01"]

1. c4 f5 2. Nf3 Nf6 3. g3 g6 4. Bg2 Bg7 5. d4 O-O 6. Nc3 d6 7. O-O Qe8 8. Nd5
Na6 9. Nxf6+ Bxf6 10. Bh6 Bg7 11. Bxg7 Kxg7 12. d5 e5 13. dxe6 Qxe6 14. Qd4+
Qf6 15. Qxf6+ Kxf6 16. Nd4 c6 17. Rfd1 Be6 18. Nxe6 1/2-1/2

[Event "10. Copenhagen Open"]
[Site "Copenhagen"]
[Date "1988.??.??"]
[Round "4"]
[White "Hoiberg, Nina"]
[Black "Nerlov, Claus"]
[Result "0-1"]
[WhiteElo "2285"]
[BlackElo "2265"]
[PlyCount "52"]
[EventDate "1988.??.??"]
[EventType "swiss"]
[EventRounds "10"]
[EventCountry "DEN"]
[SourceDate "2004.01.01"]

1. e4 c6 2. d4 d5 3. e5 Bf5 4. c4 e6 5. Nc3 Nd7 6. Nf3 dxc4 7. Bxc4 Nb6 8. Bd3
Ne7 9. a3 Qd7 10. Ne4 Bxe4 11. Bxe4 O-O-O 12. O-O Nf5 13. Bxf5 exf5 14. b4 h6
15. Bb2 Nd5 16. Qa4 Kb8 17. Rfc1 g5 18. e6 fxe6 19. Ne5 Qe8 20. Rxc6 Bd6 21. b5
Bxe5 22. dxe5 bxc6 23. Bd4 c5 24. Bxc5 Rh7 25. Qa6 Qd7 26. Rc1 Qb7 0-1

[Event "10. Copenhagen Open"]
[Site "Copenhagen"]
[Date "1988.??.??"]
[Round "4"]
[White "Iskov, Gert"]
[Black "Bang, Andreas"]
[Result "1/2-1/2"]
[WhiteElo "2345"]
[BlackElo "2250"]
[PlyCount "89"]
[EventDate "1988.??.??"]
[EventType "swiss"]
[EventRounds "10"]
[EventCountry "DEN"]
[SourceDate "2004.01.01"]

1. e4 c6 2. d4 d5 3. exd5 cxd5 4. c4 Nf6 5. Nc3 g6 6. Qb3 Bg7 7. cxd5 O-O 8.
Nge2 b6 9. g3 Bb7 10. Bg2 Qd7 11. O-O Rd8 12. Nf4 g5 13. Nd3 Nxd5 14. Ne5 Bxe5
15. dxe5 Nxc3 16. Qxc3 Bxg2 17. Kxg2 Nc6 18. Bxg5 Qd5+ 19. f3 Qxe5 20. Qxe5
Nxe5 21. Bxe7 Rd2+ 22. Rf2 Rxf2+ 23. Kxf2 Nd3+ 24. Kf1 Nxb2 25. Rc1 h6 26. Rc6
Re8 27. Bf6 Nd3 28. Bc3 Re6 29. Rc8+ Kh7 30. Rc7 Kg6 31. Rxa7 Rc6 32. Bd2 Rc2
33. Be3 Ne5 34. Bxb6 Nxf3 35. h3 Rd2 36. Bf2 Ng5 37. Ra6+ f6 38. Be3 Rh2 39. h4
Ne4 40. Bf4 Kf5 41. Ra4 h5 42. a3 Ra2 43. Bb8 Rf2+ 44. Ke1 Ra2 45. Kf1 1/2-1/2

[Event "10. Copenhagen Open"]
[Site "Copenhagen"]
[Date "1988.??.??"]
[Round "4"]
[White "Jacobsen, Bo"]
[Black "Siklosi, Zoltan"]
[Result "0-1"]
[WhiteElo "2280"]
[BlackElo "2265"]
[PlyCount "97"]
[EventDate "1988.??.??"]
[EventType "swiss"]
[EventRounds "10"]
[EventCountry "DEN"]
[SourceDate "2004.01.01"]

1. c4 Nf6 2. g3 e5 3. Nc3 d5 4. cxd5 Nxd5 5. Bg2 Nb6 6. Nf3 Nc6 7. d3 Be7 8.
O-O O-O 9. a3 Be6 10. b4 a5 11. bxa5 Rxa5 12. Bb2 Qd7 13. Ne4 f6 14. Qc2 Rfa8
15. Rfd1 Na4 16. Bc1 Nc5 17. Nxc5 Bxc5 18. Rb1 b6 19. Bb2 R8a7 20. Nd2 Nd4 21.
Bxd4 Qxd4 22. e3 Qa4 23. Nb3 Rb5 24. Bc6 Bxb3 25. Rxb3 Qxb3 26. Qxb3+ Rxb3 27.
Bd5+ Kf8 28. Bxb3 Rxa3 29. Bc4 Rc3 30. Bb5 Rc2 31. g4 Rb2 32. Bc6 Ke7 33. Ra1
g6 34. Ra8 f5 35. gxf5 gxf5 36. Rh8 Kd6 37. Bf3 f4 38. Rxh7 fxe3 39. fxe3 Bxe3+
40. Kh1 Rb1+ 41. Kg2 Rg1+ 42. Kh3 Rg6 43. Be4 Rh6+ 44. Kg4 Rxh7 45. Bxh7 Kc5
46. Kf5 Kd4 47. h4 Bf4 48. Ke6 b5 49. Kd7 0-1

[Event "10. Copenhagen Open"]
[Site "Copenhagen"]
[Date "1988.??.??"]
[Round "4"]
[White "Jadoul, Michel"]
[Black "Wegner, Hannu"]
[Result "1-0"]
[WhiteElo "2400"]
[BlackElo "2320"]
[PlyCount "69"]
[EventDate "1988.??.??"]
[EventType "swiss"]
[EventRounds "10"]
[EventCountry "DEN"]
[SourceDate "2004.01.01"]

1. e4 e5 2. Nf3 Nc6 3. Bb5 a6 4. Ba4 Nf6 5. O-O Be7 6. Re1 b5 7. Bb3 O-O 8. d4
d6 9. c3 Bg4 10. d5 Na5 11. Bc2 c6 12. h3 Bd7 13. Nxe5 dxe5 14. d6 h6 15. dxe7
Qxe7 16. Nd2 Rfd8 17. Qf3 c5 18. Nf1 c4 19. Ne3 Nb7 20. Nd5 Nxd5 21. exd5 Re8
22. a4 bxa4 23. Qe4 f5 24. Qxc4 Qc5 25. Qe2 Qxd5 26. Rd1 Qe6 27. Rxd7 Qxd7 28.
Bxa4 Qd5 29. Bxe8 Rxe8 30. Rxa6 Nc5 31. Ra7 Nd3 32. Be3 Rb8 33. Bd4 Nf4 34.
Rxg7+ Kf8 35. Qxe5 1-0

[Event "10. Copenhagen Open"]
[Site "Copenhagen"]
[Date "1988.??.??"]
[Round "4"]
[White "Karsa, Laszlo"]
[Black "Hvenekilde, Jorgen"]
[Result "1/2-1/2"]
[WhiteElo "2400"]
[BlackElo "2320"]
[PlyCount "86"]
[EventDate "1988.??.??"]
[EventType "swiss"]
[EventRounds "10"]
[EventCountry "DEN"]
[SourceDate "2004.01.01"]

1. d4 Nf6 2. c4 g6 3. Nc3 Bg7 4. Nf3 O-O 5. Bg5 c6 6. e3 a6 7. Be2 b5 8. a3
bxc4 9. Bxc4 a5 10. O-O Ba6 11. Bxa6 Nxa6 12. Qe2 h6 13. Bh4 Qc8 14. e4 Nc7 15.
Rac1 Qa6 16. Qd2 Rfb8 17. Rfe1 a4 18. d5 cxd5 19. exd5 e6 20. dxe6 Nxe6 21. Ne5
g5 22. Bg3 Rb7 23. Nd5 Nxd5 24. Qxd5 Qb5 25. Qf3 d5 26. Rcd1 Rd8 27. h4 d4 28.
Nd3 Qd5 29. Qxd5 Rxd5 30. Rc1 Rb3 31. Red1 Bf6 32. hxg5 hxg5 33. Kf1 Kg7 34.
Ke2 Kg6 35. Rc4 Ra5 36. Rdc1 Kf5 37. Bc7 Ra8 38. Bd6 g4 39. Rb4 Rxb4 40. Bxb4
Re8 41. Kd1 Ke4 42. Ke2 Kd5 43. Kd1 Ke4 1/2-1/2

[Event "10. Copenhagen Open"]
[Site "Copenhagen"]
[Date "1988.??.??"]
[Round "4"]
[White "Levitt, Jonathan"]
[Black "Sorensen, Henrik"]
[Result "1-0"]
[WhiteElo "2440"]
[BlackElo "2265"]
[PlyCount "117"]
[EventDate "1988.??.??"]
[EventType "swiss"]
[EventRounds "10"]
[EventCountry "DEN"]
[SourceDate "2004.01.01"]

1. d4 Nf6 2. c4 c5 3. d5 b5 4. Nf3 a6 5. Bg5 Ne4 6. Bf4 d6 7. Qc2 Bf5 8. Nc3
Nxc3 9. Qxf5 g6 10. Qc2 Na4 11. e4 Bg7 12. Rb1 O-O 13. Be2 Nb6 14. b3 b4 15. e5
dxe5 16. Nxe5 N6d7 17. Nf3 a5 18. O-O a4 19. Rfe1 axb3 20. axb3 Re8 21. Bd3 Ra6
22. Rbd1 Qc8 23. h3 e5 24. dxe6 Raxe6 25. Rxe6 Rxe6 26. Be4 Nf8 27. Bd5 Re8 28.
Ng5 Ne6 29. Bxe6 fxe6 30. Bxb8 Qxb8 31. Qe4 Bf6 32. h4 Re7 33. Qc6 Qe5 34. Nf3
Qc3 35. Rd8+ Kg7 36. Qa8 Qa1+ 37. Qxa1 Bxa1 38. Rc8 Rd7 39. Ng5 Rd1+ 40. Kh2
Be5+ 41. g3 Rd2 42. Kg2 Bd4 43. Rc7+ Kg8 44. Rc8+ Kg7 45. Nxe6+ Kf6 46. Nxd4
Rxd4 47. Rc6+ Kg7 48. Rc7+ Kg8 49. Kf3 Rd3+ 50. Ke4 Rxb3 51. Kd5 Rf3 52. Kxc5
Rxf2 53. Kxb4 Rg2 54. c5 Rxg3 55. c6 Rg4+ 56. Kc5 Rxh4 57. Rd7 Rh5+ 58. Kd4
Rh4+ 59. Ke3 1-0

[Event "10. Copenhagen Open"]
[Site "Copenhagen"]
[Date "1988.??.??"]
[Round "4"]
[White "Mortensen, Peter Munch"]
[Black "Brinck Claussen, Bjorn"]
[Result "1/2-1/2"]
[WhiteElo "2290"]
[BlackElo "2370"]
[PlyCount "46"]
[EventDate "1988.??.??"]
[EventType "swiss"]
[EventRounds "10"]
[EventCountry "DEN"]
[SourceDate "2004.01.01"]

1. d4 Nf6 2. c4 g6 3. Nc3 d5 4. Nf3 Bg7 5. e3 O-O 6. Be2 dxc4 7. Bxc4 c5 8. d5
Nbd7 9. e4 Nb6 10. Be2 e6 11. d6 e5 12. Be3 Nbd7 13. O-O b6 14. Qc2 Bb7 15.
Rfd1 a6 16. a4 Qb8 17. Rab1 Rc8 18. Bc4 b5 19. axb5 axb5 20. Bxb5 Bxe4 21. Nxe4
Qxb5 22. Nxf6+ Bxf6 23. b3 Qc6 1/2-1/2